00759nam a22001937a 4500003001100000005001700011008004100028040003900069041000800108082001600116100001900132245009000151260006200241300001800303505013200321650002900453650003200482856005100514LK-CoMWRAF20231226235755.0231226b2007 |||||||| |||| 00| 0 eng d aLK-CoMWRAFdLK-CoMWRAFeLK-CoMWRAF aeng a320.15bEVA a Evans, Gareth aThe limits of state sovereignty : bthe responsibility to protect in the 21st century aColombo:bInternational Centre for Ethnic Studies, c2007 a22 p. ; 22 cm aEighth memorial lecture by Gareth Evans on the death anniversary of Dr. Neelan Tiruchelvam, July 29, 2007 at the BMICH, Colombo aPeace-building Sri Lanka aEthnic relations-Sri Lanka  uhttps://www.gevans.org/speeches/speech232.html